header

Mac OS X power tools (Record no. 80172)

MARC details
000 -LEADER
fixed length control field 01169nam a2200337Ia 4500
082 04 - DEWEY DECIMAL CLASSIFICATION NUMBER
Classification number 005.4/465
100 1# - MAIN ENTRY--AUTHOR NAME
Personal name Frakes, Dan.
245 10 - TITLE STATEMENT
Title Mac OS X power tools
260 ## - PUBLICATION, DISTRIBUTION, ETC. (IMPRINT)
Place of publication San Francisco :
Name of publisher SYBEX,
Year of publication c2003.
300 ## - PHYSICAL DESCRIPTION
Number of Pages xxx, 607 p. :
Other physical details ill.
500 ## - GENERAL NOTE
General note Includes index.
650 #0 - SUBJECT ADDED ENTRY--TOPICAL TERM
Topical Term Operating systems (Computers)
Topical Term Macintosh (Computer)
856 40 - ELECTRONIC LOCATION AND ACCESS
Uniform Resource Identifier http://site.ebrary.com/lib/rucke/Doc?id=10131882

No items available.

© 2026 Rongo University
Contact us: librarian | system librarian | Rongo university